LEADER 00980nam a2200217 i 4500 001 000000224677 003 CaOOAMICUS 005 20231207111113.0 008 131108s1782 sz u000 u fre u 026 $aR.S. r.ci den- etle (3) 1782 (R) 040 $aSeMil$bita 100 1 $aRousseau, Jean-Jacques,$d<1712-1778>.$0(OLS)http://semarc/name/1179 245 10$aTome sixieme contenant la premiere partie des Melanges. 300 $a[4], 633, [3] p. 500 $aSegn.: ?² A? B-4K? 4L² 500 $aAltro front. a carta A2 773 0 $aRousseau, Jean-Jacques <1712-1778>$tCollection complete des oeuvres de J.J. Rousseau, citoyen de Geneve. Tome 1. [-12.].$dA Genève : [Société typographique], 1782-1789.$g6$w()29087 850 $aSeMil 852 $aSeMil$W1$xVenegono$y1$m2R V 30 FA$j175023$B175023$CSeMilBibl$Z2$F184993 $8I 996 $6245$aTome sixieme contenant la premiere partie des Melanges$9(OLS)http://semarc/title/321973 LEADER 01414nam a2200301 i 4500 001 000000123800 003 CaOOAMICUS 005 20040429000000.0 008 040429s1993 it u000 u ita u 013 $a96496 020 $a88-7305-420-X 040 $aSeMil$bita 100 1 $aValenzano, Giovanna.$0(OLS)http://semarc/name/47549 245 13$aLa basilica di San Zeno in Verona :$bproblemi architettonici /$cGiovanna Valenzano ; prefazione di Giovanni Lorenzoni. 260 $aVicenza :$bNeri Pozza,$c1993. 300 $a254 p. :$briccamente ill. ;$c30 cm. 490 0 $aArs et fabrica : collana di studi di storia dell'arte medievale ;$v1. 500 $aContiene : Bibliografia. - Fondo Card. C.M. Martini. 650 4$aVerona - Chiese - Basilica di San Zeno.$0(OLS)http://semarc/subject/20624 700 1 $aLorenzoni, Giovanni.$0(OLS)http://semarc/name/5552 830 0$aArs et fabrica : collana di studi di storia dell'arte medievale ;$v1.$0(OLS)http://semarc/title/15238 850 $aSeMil 852 $aSeMil$W1$xVenegono$y1$m5J X 15$j78446$B78446$CSeMilBibl$Z2$F82454 $81 941 1 $a4 961 $aOmaggio: Martini Card. Carlo Maria 996 $6020$a88-7305-420-X$9(OLS)http://semarc/number/109413 996 $6245$aLa basilica di San Zeno in Verona :$bproblemi architettonici$9(OLS)http://semarc/title/182056 996 $6260$aVicenza :$bNeri Pozza$9(OLS)http://semarc/publisher/32468